| 000 | 00882cam a2200313 i 4500 | ||
|---|---|---|---|
| 001 | 0000874 | ||
| 003 | DO-SdBNP | ||
| 005 | 20180215110606.0 | ||
| 007 | 0000874 | ||
| 008 | 100514s 1983 sp a | |||| 000 f spa | ||
| 015 | _a | ||
| 017 |
_a _b |
||
| 020 | _a8431025069 | ||
| 035 | _a | ||
| 040 |
_aBPMSU _bspa _cBPMSU _e |
||
| 080 | _a | ||
| 100 | _aSotillos, Eugenio | ||
| 245 | 1 | 3 |
_aLa cabaña del tío Tom / _h _cHarriet Beecher Stowe ; adaptación Eugenio Sotillos ; ilustraciones María Pascual |
| 250 | _a2a. ed. | ||
| 260 |
_aBarcelona, España : _bToray, _c1983. |
||
| 300 |
_a[90] p.: _bil. _c26 cm. |
||
| 490 | 1 |
_aJovencitas _v10 |
|
| 700 | 1 | 2 |
_aStowe, Harriet Beecher _tLa cabaña del Tío Tom |
| 700 | 1 | 2 |
_aPascual, María _eil. |
| 830 | 0 |
_aJovencitas _n10 |
|
| 942 |
_2ddc _cBK |
||
| 945 | _aInventariado, 2017/MFF | ||
| 956 |
_aYLOCKWARD _810 _cBPMSU |
||
| 999 |
_c12287 _d12287 |
||